Braun (Record no. 10964)

MARC details
000 -CABECERA
campo de control de longitud fija 01010nam a22002777a 4500
001 - NÚMERO DE CONTROL
campo de control BRCA_9342
003 - IDENTIFICADOR DEL NÚMERO DE CONTROL
campo de control FranzMayer
005 - FECHA Y HORA DE LA ÚLTIMA TRANSACCIÓN
campo de control 20230918121154.0
008 - DATOS DE LONGITUD FIJA--INFORMACIÓN GENERAL
campo de control de longitud fija 230825b |||||||| |||| 00| 0 eng d
020 ## - NÚMERO INTERNACIONAL ESTÁNDAR DEL LIBRO
Número Internacional Estándar del Libro 9783832173647
040 ## - FUENTE DE LA CATALOGACIÓN
Centro catalogador/agencia de origen MFM
Lengua de catalogación español
Centro/agencia transcriptor MFM
050 #0 - SIGNATURA TOPOGRÁFICA DE LA BIBLIOTECA DEL CONGRESO
Número de clasificación HD45.B73
Número de documento/Ítem .D86 2005
110 1# - ENTRADA PRINCIPAL--NOMBRE DE ENTIDAD CORPORATIVA
Código de función/relación Responsable
Nombre de entidad corporativa o nombre de jurisdicción como elemento de entrada Dumont Handbuch Design
9 (RLIN) 29221
240 ## - TÍTULO UNIFORME
Título uniforme Braun
Medio 50 Jahre Produktinnovationen
Lenguaje de la obra Alemán
245 0# - MENCIÓN DE TÍTULO
Título Braun
Resto del título 50 Jahre Produktinnovationen
260 ## - PUBLICACIÓN, DISTRIBUCIÓN, ETC.
Lugar de publicación, distribución, etc. Alemania
Nombre del editor, distribuidor, etc. Dumont Handbuch Design
Fecha de publicación, distribución, etc. 2005
300 ## - DESCRIPCIÓN FÍSICA
Extensión 504 p
Otras características físicas Ilustraciones a color
Dimensiones 17 cm
500 ## - NOTA GENERAL
Nota general Anexo 1
505 ## - NOTA DE CONTENIDO CON FORMATO
Nota de contenido con formato Texto en: alemánIncluye índice temáticoDirigido a: diseñadores, ingenieros, historiadores y arquitectos.
650 1# - PUNTO DE ACCESO ADICIONAL DE MATERIA--TÉRMINO DE MATERIA
Fuente del encabezamiento o término Industrias
Término de materia o nombre geográfico como elemento de entrada Labor y uso
Subdivisión de forma Tecnologías
9 (RLIN) 29222
651 2# - PUNTO DE ACCESO ADICIONAL DE MATERIA--NOMBRE GEOGRÁFICO
Fuente del encabezamiento o término Innovaciones tecnológicas
Nombre geográfico Siglo XX
Subdivisión de forma Braun
9 (RLIN) 29223
700 1# - PUNTO DE ACCESO ADICIONAL--NOMBRE DE PERSONA
Código de función/relación Escri.
Nombre de persona Polster, Bernd
9 (RLIN) 29224
700 1# - PUNTO DE ACCESO ADICIONAL--NOMBRE DE PERSONA
Código de función/relación Col
Nombre de persona Köln, Olaf Meyer
9 (RLIN) 29225
700 1# - PUNTO DE ACCESO ADICIONAL--NOMBRE DE PERSONA
Código de función/relación Coord.
Nombre de persona Kress, Gerlinde
9 (RLIN) 29226
942 ## - ELEMENTOS DE PUNTO DE ACCESO ADICIONAL (KOHA)
Fuente del sistema de clasificación o colocación Library of Congress Classification
Tipo de ítem Koha Libros
Holdings
Estado de retiro Estado de pérdida Fuente del sistema de clasificación o colocación Estado dañado No para préstamo Código de colección Localización permanente Ubicación/localización actual Fecha de adquisición Total de préstamos Signatura topográfica completa Código de barras Fecha visto por última vez Precio válido a partir de Tipo de ítem Koha
El ejemplar forma parte de la colección y puede ser consultado según las políticas vigentes.   Library of Congress Classification     Fondo Contemporáneo Biblioteca del Museo Franz Mayer (Rogerio Casas-Alatriste) Biblioteca del Museo Franz Mayer (Rogerio Casas-Alatriste) 25/08/2023   HD45.B73 .D86 2005 CONT10098 25/08/2023 25/08/2023 Libros